000 00865nam a2200313Ia 4500
003 OSt
005 20220912144545.0
006 a|||||r|||| 00| 0
007 ta
008 220909b |||||||| |||| 00| 0 eng d
020 _a8121906016 (pbk)
020 _aSL0860052
024 _a196420
037 _cTextual
040 _aCSL
_beng
_cCSL
041 _aeng
082 _aI, L9.2
100 _aPandey B P
245 0 _aCollege botany
260 _aNew Delhi
_b S Chand & Company Ltd
_c1979
300 _a208p. ill.
500 _aGlossary 164-170p., 198-203p.; Question bank 171-175p., 204-207p.; Index 208p.; Reprint 2004.; Selected readings 163p.
650 _a Gymnosperms
650 _a Order equisetales
650 _aPalaeobotany
700 _aPandey B P
942 _hI, L9.2
_cTEXL
_2CC
999 _c11938
_d11938